Convertibilidad del austral (Registro nro. 5457)

Detalles MARC
000 -LEADER
fixed length control field 00971 a2200205 4500
001 - CONTROL NUMBER
control field 54288
005 - DATE AND TIME OF LATEST TRANSACTION
control field 20260407155814.0
008 - FIXED-LENGTH DATA ELEMENTS--GENERAL INFORMATION
fixed length control field 260407a1991 arg spa d
003 - CONTROL NUMBER IDENTIFIER
control field AR-UNSa-BCEJYS
040 ## - CATALOGING SOURCE
Original cataloging agency AR-UNSa-BCEJYS
Language of cataloging spa
Transcribing agency AR-UNSa-BCEJYS
080 ## - UNIVERSAL DECIMAL CLASSIFICATION NUMBER
Universal Decimal Classification number 339.744
Common auxiliary subdivision Convertibilidad
020 ## - INTERNATIONAL STANDARD BOOK NUMBER
International Standard Book Number 950-572-215-X
100 1# - MAIN ENTRY--PERSONAL NAME
Personal name Moisset de Espanés, Luis
245 10 - TITLE STATEMENT
Title Convertibilidad del austral
264 #1 - PRODUCTION, PUBLICATION, DISTRIBUTION, MANUFACTURE, AND COPYRIGHT NOTICE
Place of production, publication, distribution, manufacture Buenos Aires :
Name of producer, publisher, distributor, manufacturer Víctor P. de Zavalía
Date of production, publication, distribution, manufacture, or copyright notice 1991
300 ## - PHYSICAL DESCRIPTION
Extent 205 p.
Dimensions 23 cm.
505 ## - FORMATTED CONTENTS NOTE
Formatted contents note 1. La Ley de convertibilidad. Su estudio en el Congreso de la Nación – 2. Nominalismo y obligaciones de valor en la Ley de convertibilidad – 3. La Ley de convertibilidad y el nominalismo – 4. La Ley monetaria y la doctrina: el precipitado de la interpretación – 5. Efectos de la Ley de convertibilidad en las locaciones urbanas – 6. La convertibilidad desde la angulación jurídico-económica.
590 ## - LOCAL NOTE (RLIN)
Local note niveau_biblio:m niveau_hierar:0
942 ## - ADDED ENTRY ELEMENTS (KOHA)
Koha item type
Existencias
Withdrawn status Lost status Damaged status Not for loan Home library Current library Shelving location Date acquired Total checkouts Full call number Barcode Date last seen Price effective from Koha item type
        Biblioteca Prof. Eusebio Cleto del Rey Biblioteca Prof. Eusebio Cleto del Rey   07/04/2026   339.744 M714 v.3 L58745 07/04/2026 07/04/2026 Libro